قصہ شب و رو ز (مشر ف عا لم ذ و قی کے ا د بی خا کے ) (Record no. 181467)
[ view plain ]
| 000 -LEADER | |
|---|---|
| fixed length control field | 00728nam a22001937a 4500 |
| 005 - DATE AND TIME OF LATEST TRANSACTION | |
| control field | 20210915124817.0 |
| 010 ## - LCCN (DPL NO) | |
| LC control number | UR-11234 |
| 020 ## - INTERNATIONAL STANDARD BOOK NUMBER | |
| Terms of availability | 400.00 |
| International Standard Book Number | 9789390533725 |
| 035 ## - SYSTEM CONTROL NUMBER | |
| System control number | U-9789 |
| 037 ## - SOURCE OF ACQUISITION | |
| Source of stock number/acquisition | DBAD/PUB |
| 082 ## - DEWEY DECIMAL CLASSIFICATION NUMBER | |
| Classification number | 840.92 |
| 100 ## - MAIN ENTRY--PERSONAL NAME | |
| Personal name | ا حتشا م ا لحق آ فا قی |
| 245 ## - TITLE STATEMENT | |
| Title | قصہ شب و رو ز (مشر ف عا لم ذ و قی کے ا د بی خا کے ) |
| Statement of responsibility, etc | ا حتشا م ا لحق آ فا قی |
| 246 ## - VARYING FORM OF TITLE | |
| Title proper/short title | Qissa-e-Shab-o-Roz (Urdu) |
| Remainder of title | by Ahtasham Ul Haq Afauqui |
| 260 ## - PUBLICATION, DISTRIBUTION, ETC. (IMPRINT) | |
| Place of publication, distribution, etc | N.Delhi |
| Date of publication, distribution, etc | 2020 ء |
| Name of publisher, distributor, etc | Educational Publishing House |
| 270 ## - ADDRESS | |
| Address | 3191, Vakil Street, Kucha Pandit Lal Kuan, |
| City | Delhi |
| Postal code | 110006 |
| Fax number | - |
| 300 ## - PHYSICAL DESCRIPTION | |
| Extent | 388 ص |
| Dimensions | 22 Cm(Hb) |
| 942 ## - ADDED ENTRY ELEMENTS (KOHA) | |
| Source of classification or shelving scheme | Dewey Decimal Classification |
| Item type | Urdu Bks |
| Classification part | 840.92 |
| Call number suffix | ا ح ت |
| Withdrawn status | Lost status | Not for loan | Collection code | Home library | Current library | Date acquired | Source of acquisition | Cost, normal purchase price | Full call number | Barcode | Copy number | Cost, replacement price | Koha item type |
|---|---|---|---|---|---|---|---|---|---|---|---|---|---|
| Not For Loan | Non-fiction | Central Library | Central Library | 15/09/2021 | DBAD/PUB | 400.00 | 840.92 ا ح ت | U-9789 | 1 | 400.00 | Urdu Bks |
